000 01756nam a2200385Ia 4500
001 ebr10271604
003 CaPaEBR
006 m u
007 cr cn|||||||||
008 090311r20062005enka sb 001 0 eng d
010 _z 2009285948
020 _z9780195312034
020 _z0195312031
040 _aCaPaEBR
_cCaPaEBR
035 _a(OCoLC)646790619
050 1 4 _aRA412.2
_b.Q33 2006eb
100 1 _aQuadagno, Jill S.
245 1 0 _aOne nation, uninsured
_h[electronic resource] :
_bwhy the U.S. has no national health insurance /
_cJill Quadagno.
250 _aOxford University Press pbk.
260 _aOxford ;
_aNew York :
_bOxford University Press,
_c2006.
300 _axi,274 p. :
_bill.
500 _aOriginally published: 2005.
504 _aIncludes bibliographical references (p. 215-264) and index.
533 _aElectronic reproduction.
_bPalo Alto, Calif. :
_cebrary,
_d2011.
_nAvailable via World Wide Web.
_nAccess may be limited to ebrary affiliated libraries.
650 0 _aNational health insurance
_zUnited States
_xHistory
_y20th century.
650 0 _aMedically uninsured persons
_zUnited States
_xHistory
_y20th century.
650 0 _aHealth insurance
_xGovernment policy
_zUnited States
_xHistory
_y20th century.
650 0 _aRight to health
_zUnited States
_xHistory
_y20th century.
650 0 _aHealth services accessibility
_zUnited States
_xHistory
_y20th century.
650 0 _aHealth care reform
_zUnited States
_xHistory
_y20th century.
650 0 _aMedical policy
_zUnited States
_xHistory
_y20th century.
655 7 _aElectronic books.
_2local
710 2 _aebrary, Inc.
856 4 0 _uhttp://site.ebrary.com/lib/rucke/Doc?id=10271604
_zAn electronic book accessible through the World Wide Web; click to view
999 _c7463
_d7463